Name a Valid Pixar Movie - Statistics

General Stats
  • This quiz has been taken 2,199 times
    2,042 since last reset
  • The average score is 12 of 16
Answer Stats
Name a Pixar movie that... Answer % Correct
was released in the 1990s Toy Story | A Bug's Life | Toy Story 2
98%
has a single word in its name Cars | Ratatouille | WALL-E | Up | Brave | Coco | Onward | Soul | Luca | Lightyear | Elemental | Elio | Hoppers
94%
is a sequel or prequel Toy Story 2 | Toy Story 3 | Cars 2 | Monsters University | Finding Dory | Cars 3 | Incredibles 2 | Toy Story 4 | Inside Out 2 | Toy Story 5
94%
has a human as the main protagonist The Incredibles | Up | Brave | Coco | Incredibles 2 | Soul | Turning Red | Lightyear | Elio | Hoppers
87%
won the Oscar for Best Animated Feature Finding Nemo | The Incredibles | Ratatouille | WALL-E | Up | Toy Story 3 | Brave | Inside Out | Coco | Toy Story 4 | Soul
84%
includes the fictional company Dinoco Toy Story | Cars | WALL-E | Cars 2 | Cars 3 | Toy Story 4
82%
was nominated for Best Picture Up | Toy Story 3
78%
has made over $1 billion worldwide Toy Story 3 | Finding Dory | Incredibles 2 | Toy Story 4 | Inside Out 2
76%
was composed by Randy Newman Toy Story | A Bug's Life | Toy Story 2 | Monsters Inc. | Cars | Toy Story 3 | Monsters University | Cars 3 | Toy Story 4
74%
has a runtime over 110 minutes The Incredibles | Cars | Ratatouille | Incredibles 2
73%
does NOT include John Ratzenberger in the cast Soul | Luca | Turning Red | Lightyear | Elemental | Hoppers
71%
was NOT nominated for an Oscar Cars 2 | Monsters University | The Good Dinosaur | Finding Dory | Cars 3 | Lightyear
70%
was released in the same year as another Pixar movie Inside Out | The Good Dinosaur | Cars 3 | Coco | Onward | Soul | Turning Red | Lightyear | Hoppers | Toy Story 5
70%
was directed by Pete Docter Monsters Inc. | Up | Inside Out | Soul
68%
was NOT released in June or November (in the United States) Finding Nemo | Up | Onward | Soul | Turning Red | Hoppers
63%
was directed or co-directed by a woman Brave | Turning Red | Elio
61%
No matching quizzes found
Score Distribution
Percent of People with Each Score
Percentile by Number Answered
Your Score History
You have not taken this quiz since the last reset